[Event "Porec op"]
[Site "Porec"]
[Date "2013.12.07"]
[Round "5"]
[White "Samovojska, Damir"]
[Black "Trempetic, Mladen"]
[Result "1-0"]
[WhiteElo "2235"]
[BlackElo "2064"]
[PlyCount "33"]
[EventDate "2013.12.05"]
[EventType "swiss"]
[EventRounds "7"]
[EventCountry "CRO"]
[SourceTitle "CBM 157 Extra"]
[Source "ChessBase"]
[SourceDate "2013.12.19"]
[SourceVersion "1"]
[SourceVersionDate "2013.12.19"]
[SourceQuality "1"]

1. d4 d5 2. Nf3 g6 3. Bf4 Bg7 4. e3 Nf6 5. c4 c6 6. Nc3 a6 7. h3 0-0 8. a4 Nbd7 9. Qb3 Qa5 10. Be2 dxc4 11. Bxc4 b5 12. Be2 Nd5 13. Bg3 N5f6 14. 0-0 b4 15. Nd5 cxd5 16. Rac1 Ne4 17. Bc7 1-0

[Event "Porec op"]
[Site "Porec"]
[Date "2013.12.05"]
[Round "1"]
[White "Brecevac, Viktor"]
[Black "Trempetic, Mladen"]
[Result "0-1"]
[WhiteElo "1573"]
[BlackElo "2064"]
[PlyCount "84"]
[EventDate "2013.12.05"]
[EventType "swiss"]
[EventRounds "7"]
[EventCountry "CRO"]
[SourceTitle "CBM 157 Extra"]
[Source "ChessBase"]
[SourceDate "2013.12.19"]
[SourceVersion "1"]
[SourceVersionDate "2013.12.19"]
[SourceQuality "1"]

1. d4 d5 2. c4 c6 3. Nc3 Nf6 4. Nf3 a6 5. e3 e6 6. Bd3 dxc4 7. Bxc4 b5 8. Bb3 Nbd7 9. 0-0 Bb7 10. Re1 c5 11. dxc5 Bxc5 12. a3 0-0 13. Bc2 Qc7 14. Qe2 Rac8 15. e4 h6 16. h3 e5 17. Be3 Bxe3 18. Qxe3 Nc5 19. Rad1 Rfd8 20. Rd2 Rxd2 21. Nxd2 Ne6 22. Rd1 a5 23. Bb3 Nd4 24. Ba2 b4 25. axb4 Nc2 26. Qe2 Nxb4 27. Bc4 Nc2 28. Qd3 Nd4 29. b3 Nxb3 30. Nd5 Nxd5 31. Qxb3 a4 32. Qb2 Nf4 33. f3 Qc5+ 34. Kh2 Rc7 35. Qa2 Bc8 36. Qxa4 Qf2 37. Bf1 Bxh3 38. Qe8+ Kh7 39. Qxe5 Bxg2 40. Qf5+ g6 41. Qg4 Bxf1+ 42. Kh1 Bg2+ 0-1

[Event "Velika Gorica op 11th"]
[Site "Velika Gorica"]
[Date "2013.08.28"]
[Round "8"]
[White "Trempetic, Mladen"]
[Black "Basaric, Srdjan"]
[Result "1-0"]
[WhiteElo "2055"]
[BlackElo "2182"]
[PlyCount "59"]
[EventDate "2013.08.19"]
[EventType "swiss"]
[EventRounds "9"]
[EventCountry "CRO"]
[SourceTitle "CBM 156 Extra"]
[Source "ChessBase"]
[SourceDate "2013.10.22"]
[SourceVersion "1"]
[SourceVersionDate "2013.10.22"]
[SourceQuality "1"]

1. e4 d6 2. d4 Nf6 3. Nd2 e5 4. d5 Be7 5. Ngf3 c6 6. c4 Bg4 7. Bd3 0-0 8. 0-0 Nbd7 9. b4 a5 10. b5 cxb5 11. cxb5 Nc5 12. Bc2 a4 13. Ba3 Nfd7 14. Nc4 Qc7 15. Ne3 Bxf3 16. Qxf3 g6 17. Rac1 Bg5 18. g3 Rfc8 19. h4 Bh6 20. h5 Qd8 21. Ng4 Bg5 22. hxg6 hxg6 23. Qe2 Nf6 24. f4 Nxg4 25. Qxg4 Bh6 26. Rf2 Qe7 27. Rh2 Kg7 28. Rf1 Rh8 29. Rff2 Nd7 30. Bb2 1-0

[Event "Porec op 12th"]
[Site "Porec"]
[Date "2012.12.08"]
[Round "5"]
[White "Ghersinich, Enrico"]
[Black "Trempetic, Mladen"]
[Result "0-1"]
[WhiteElo "1601"]
[BlackElo "2042"]
[PlyCount "104"]
[EventDate "2012.12.06"]
[EventType "swiss"]
[EventRounds "7"]
[EventCountry "CRO"]
[SourceTitle "CBM 151 Extra"]
[Source "ChessBase"]
[SourceDate "2012.12.18"]
[SourceVersion "1"]
[SourceVersionDate "2012.12.18"]
[SourceQuality "1"]

1. e4 c5 2. Nf3 d6 3. d4 cxd4 4. Nxd4 Nf6 5. Nc3 a6 6. Be3 g6 7. f3 Bg7 8. Qd2 0-0 9. h4 h5 10. Bc4 Nc6 11. Nxc6 bxc6 12. Bh6 Qa5 13. 0-0-0 Rd8 14. Qg5 Qxg5+ 15. Bxg5 Be6 16. Bb3 Bxb3 17. axb3 Kf8 18. Rhe1 Nd7 19. g4 Ne5 20. gxh5 Nxf3 21. Rf1 Nxg5 22. hxg5 gxh5 23. Rh1 Be5 24. Rxh5 Kg7 25. Rg1 Rh8 26. Rxh8 Rxh8 27. Kd2 Kg6 28. Kd3 Rh5 29. Na4 Rxg5 30. Rxg5+ Kxg5 31. c3 e6 32. Nb6 f5 33. Nc4 f4 34. Ke2 Kg4 35. Nd2 d5 36. exd5 cxd5 37. Nf3 Bf6 38. b4 e5 39. Kf2 e4 40. Nh2+ Kh3 41. Nf1 d4 42. c4 d3 43. c5 Bd4+ 44. Ke1 e3 45. c6 d2+ 46. Kd1 Bb6 47. Ke2 Kg2 48. Nxe3+ fxe3 49. b3 d1Q+ 50. Kxd1 Kf2 51. c7 e2+ 52. Kc2 Bxc7 0-1

[Event "CRO-chT4 Center-A"]
[Site "Zagreb"]
[Date "2011.10.02"]
[Round "7.26"]
[White "Trempetic, Mladen"]
[Black "Hodzic, Hazim"]
[Result "1/2-1/2"]
[WhiteElo "1990"]
[BlackElo "1948"]
[PlyCount "73"]
[EventDate "2011.03.13"]
[EventType "team-tourn"]
[EventRounds "7"]
[EventCountry "CRO"]
[SourceTitle "EXT 2014"]
[Source "ChessBase"]
[SourceDate "2013.11.20"]
[SourceVersion "1"]
[SourceVersionDate "2013.11.20"]
[SourceQuality "1"]

1. Nf3 Nf6 2. c4 g6 3. d4 d6 4. Nc3 Bg7 5. e4 0-0 6. h3 c5 7. d5 Nbd7 8. Be2 a6 9. 0-0 Rb8 10. Be3 b5 11. cxb5 axb5 12. Bxb5 Nxe4 13. Bxd7 Nxc3 14. bxc3 Bxd7 15. Qd2 Qa5 16. Rfc1 Rfc8 17. Bh6 Bf6 18. Ng5 Qa3 19. Ne4 Bh8 20. g4 Rb2 21. Rc2 Rcb8 22. Rxb2 Rxb2 23. Qg5 f6 24. Qf4 Rxa2 25. Rb1 Ra1 26. Rxa1 Qxa1+ 27. Kg2 Qa4 28. c4 Qa8 29. h4 Qc8 30. f3 f5 31. Ng5 Be5 32. Qe3 Qb8 33. f4 Bf6 34. gxf5 Bxf5 35. Nf3 Qb2+ 36. Kg3 Qc3 37. Qe2 1/2-1/2

[Event "Porec op"]
[Site "Porec"]
[Date "2010.12.04"]
[Round "6"]
[White "Trempetic, Mladen"]
[Black "Popovic, Mirko"]
[Result "1-0"]
[WhiteElo "2021"]
[BlackElo "1948"]
[PlyCount "108"]
[EventDate "2010.12.02"]
[EventType "swiss"]
[EventRounds "7"]
[EventCountry "CRO"]
[SourceTitle "CBM 139 Extra"]
[Source "ChessBase"]
[SourceDate "2011.01.05"]
[SourceVersion "1"]
[SourceVersionDate "2011.01.05"]
[SourceQuality "1"]

1. e4 e5 2. Nf3 d6 3. d4 exd4 4. Nxd4 Nf6 5. Nc3 Be7 6. Bc4 0-0 7. h3 c6 8. a4 d5 9. exd5 cxd5 10. Bd3 Bb4 11. 0-0 Bxc3 12. bxc3 Nc6 13. Re1 Re8 14. Bg5 Bd7 15. Qf3 Ne5 16. Qg3 Nxd3 17. Rxe8+ Bxe8 18. cxd3 Bd7 19. Rb1 b6 20. a5 Rc8 21. axb6 axb6 22. Qd6 Qc7 23. Rxb6 Ne8 24. Qxc7 Rxc7 25. Rb3 h6 26. Bf4 Ra7 27. Kf1 g5 28. Bb8 Ra8 29. Ke2 Kf8 30. g4 Ng7 31. Be5 h5 32. Bd6+ Kg8 33. f3 hxg4 34. hxg4 Ra2+ 35. Ke3 Ba4 36. Rb8+ Kh7 37. Be5 Bd1 38. Bxg7 Kxg7 39. Nf5+ Kh7 40. Rb7 Kg6 41. Ne7+ Kg7 42. Nxd5 Re2+ 43. Kd4 Rf2 44. Ne7 Bxf3 45. Nf5+ Kg6 46. Rb6+ f6 47. Ke3 Bxg4 48. Ne7+ Kf7 49. Kxf2 Kxe7 50. c4 Bh5 51. d4 f5 52. Rh6 Bf7 53. d5 f4 54. d6+ Ke8 1-0

[Event "CRO-chT4A Center"]
[Site "Zagreb"]
[Date "2010.11.14"]
[Round "11.26"]
[White "Horvatinec, Ivan"]
[Black "Trempetic, Mladen"]
[Result "1/2-1/2"]
[WhiteElo "1894"]
[BlackElo "2021"]
[PlyCount "29"]
[EventDate "2010.03.21"]
[EventType "team-tourn"]
[EventRounds "11"]
[EventCountry "CRO"]
[SourceTitle "EXT 2012"]
[Source "ChessBase"]
[SourceDate "2011.11.24"]
[SourceVersion "1"]
[SourceVersionDate "2011.11.24"]
[SourceQuality "1"]

1. d4 d5 2. Nf3 a6 3. Bg5 h6 4. Bh4 Nf6 5. Nbd2 Bf5 6. Bxf6 exf6 7. e3 c5 8. dxc5 Bxc5 9. Nb3 Be7 10. Bd3 Bd7 11. 0-0 0-0 12. c3 Nc6 13. Rc1 Ne5 14. Bb1 Bg4 15. Qc2 1/2-1/2

[Event "CRO-chT4A Center"]
[Site "Zagreb"]
[Date "2010.04.18"]
[Round "4.26"]
[White "Trempetic, Mladen"]
[Black "Vucic, Mihovil"]
[Result "1/2-1/2"]
[WhiteElo "2035"]
[BlackElo "1891"]
[PlyCount "47"]
[EventDate "2010.03.21"]
[EventType "team-tourn"]
[EventRounds "11"]
[EventCountry "CRO"]
[SourceTitle "EXT 2012"]
[Source "ChessBase"]
[SourceDate "2011.11.24"]
[SourceVersion "1"]
[SourceVersionDate "2011.11.24"]
[SourceQuality "1"]

1. Nf3 Nf6 2. c4 e6 3. d4 d5 4. Nc3 a6 5. a4 c6 6. Bg5 Be7 7. e3 0-0 8. Bd3 Nbd7 9. Qc2 dxc4 10. Bxc4 c5 11. 0-0 h6 12. Bh4 Nb6 13. Ba2 cxd4 14. Rad1 Qc7 15. Rxd4 e5 16. Bg3 Bd6 17. Rxd6 Qxd6 18. Nxe5 Qc5 19. a5 Nbd5 20. Rd1 Nb4 21. Bxf7+ Rxf7 22. Qb3 Qe7 23. Rd8+ Qxd8 24. Qxf7+ 1/2-1/2

[Event "Porec op"]
[Site "Porec"]
[Date "2009.12.04"]
[Round "7"]
[White "Ikica, Ante"]
[Black "Trempetic, Mladen"]
[Result "1-0"]
[WhiteElo "2064"]
[BlackElo "2067"]
[PlyCount "89"]
[EventDate "2009.12.03"]
[EventType "swiss"]
[EventRounds "7"]
[EventCountry "CRO"]
[SourceTitle "CBM 133 Extra"]
[Source "ChessBase"]
[SourceDate "2010.01.05"]
[SourceVersion "1"]
[SourceVersionDate "2010.01.05"]
[SourceQuality "1"]

1. e4 c5 2. Nf3 d6 3. d4 cxd4 4. Nxd4 Nf6 5. Nc3 g6 6. Bc4 Bg7 7. Bb3 Nc6 8. Be3 Na5 9. f3 Nxb3 10. axb3 Bd7 11. Qd2 a6 12. g4 Rc8 13. h4 h5 14. g5 Nh7 15. Nd5 Bc6 16. Nxc6 Rxc6 17. c3 e6 18. Nb4 Rc8 19. Bd4 0-0 20. Bxg7 Kxg7 21. Rd1 a5 22. Nc2 Rc6 23. b4 a4 24. Ra1 b5 25. f4 Qc7 26. Qd3 Qb7 27. Rf1 Rc4 28. Kd2 Qxe4 29. Qxe4 Rxe4 30. Nd4 Rb8 31. b3 axb3 32. Nxb3 e5 33. Kd3 d5 34. Nc5 Rxf4 35. Rxf4 exf4 36. Kd4 Re8 37. Kxd5 Re3 38. c4 bxc4 39. b5 f3 40. Kxc4 Nf8 41. b6 f2 42. Rf1 Re2 43. b7 Rb2 44. Rxf2 Rb1 45. Rd2 1-0

[Event "Zagreb op-B"]
[Site "Zagreb"]
[Date "2009.03.24"]
[Round "4"]
[White "Trempetic, Mladen"]
[Black "Mravunac, Damir"]
[Result "1-0"]
[WhiteElo "2058"]
[BlackElo "2222"]
[PlyCount "165"]
[EventDate "2009.03.21"]
[EventType "swiss"]
[EventRounds "9"]
[EventCountry "CRO"]
[SourceTitle "CBM 129 Extra"]
[Source "ChessBase"]
[SourceDate "2009.05.05"]
[SourceVersion "2"]
[SourceVersionDate "2009.05.20"]
[SourceQuality "1"]

1. e4 c5 2. Nf3 e6 3. d4 cxd4 4. Nxd4 a6 5. c4 Qc7 6. Nc3 Nf6 7. a3 Nc6 8. Be3 Ne5 9. Qa4 Neg4 10. Be2 Nxe3 11. fxe3 b6 12. 0-0 Bb7 13. Bf3 Bd6 14. g3 h5 15. Rac1 Bxg3 16. Qc2 Be5 17. Qg2 g5 18. Nd5 exd5 19. cxd5 Qb8 20. Nf5 g4 21. Bd1 Rg8 22. Bc2 b5 23. Rcd1 Qa7 24. Nd4 h4 25. Rf5 d6 26. Qf1 Rg6 27. Qe1 Rc8 28. Qxh4 g3 29. h3 Rc4 30. Bb3 Rxd4 31. exd4 g2 32. Rxe5+ dxe5 33. Qh8+ Ng8 34. Qxe5+ Kf8 35. d6 Bc8 36. Rc1 Qd7 37. Rc7 Rxd6 38. Rxd7 Rxd7 39. Kxg2 Ne7 40. Qh8+ Ng8 41. d5 Rd6 42. Qc3 Rg6+ 43. Kf2 Bd7 44. e5 Ne7 45. e6 fxe6 46. Qc7 Rf6+ 47. Ke1 Ke8 48. d6 Nc8 49. Qc3 Kf7 50. Qe5 Nb6 51. h4 Nc4 52. Qh5+ Kg8 53. Bxc4 bxc4 54. Qg4+ Kf8 55. Qxc4 e5 56. Qc7 Rf7 57. Qd8+ Be8 58. h5 e4 59. h6 e3 60. Ke2 Rd7 61. Qf6+ Kg8 62. Kxe3 a5 63. Kd4 a4 64. Kc5 Ra7 65. Qe6+ Kf8 66. Kb6 Rf7 67. Qe5 Rh7 68. Qf6+ Kg8 69. Qg5+ Kf8 70. Qf4+ Kg8 71. b4 axb3 72. Qc4+ Kf8 73. Qxb3 Rxh6 74. Qf3+ Kg8 75. Qf4 Rh7 76. a4 Rf7 77. Qc4 Kf8 78. a5 Rd7 79. Qe6 Rf7 80. Qh6+ Kg8 81. a6 Rf1 82. Qg5+ Kh8 83. Qe5+ 1-0

[Event "Porec op"]
[Site "Porec"]
[Date "2007.12.08"]
[Round "5"]
[White "Oljaca, Manuel2222"]
[Black "Trempetic, Mladen"]
[Result "1-0"]
[WhiteElo "1975"]
[BlackElo "2032"]
[PlyCount "65"]
[EventDate "2007.12.06"]
[EventType "swiss"]
[EventRounds "7"]
[EventCountry "CRO"]
[SourceTitle "CBM 121 Extra"]
[Source "ChessBase"]
[SourceDate "2008.01.10"]
[SourceVersion "1"]
[SourceVersionDate "2008.01.10"]
[SourceQuality "1"]

1. d4 d5 2. c4 c6 3. Nc3 Nf6 4. Nf3 e6 5. e3 a6 6. a4 a5 7. Bd3 dxc4 8. Bxc4 Na6 9. 0-0 Nb4 10. e4 Be7 11. Re1 0-0 12. e5 Nfd5 13. Ne4 h6 14. h3 Bd7 15. Nh2 b5 16. Bxh6 gxh6 17. Ng4 Kg7 18. Ra3 bxc4 19. Rg3 Rh8 20. Nxh6+ Kf8 21. Qg4 Ke8 22. Nxf7 Qb6 23. Nxh8 Kd8 24. Qg8+ Be8 25. Nc5 Bxc5 26. dxc5 Qxc5 27. Rg7 Nd3 28. Nf7+ Kc7 29. Nd6+ Kb6 30. Rf1 Nc7 31. Re7 Bd7 32. Qg7 Nxe5 33. Qxe5 1-0

[Event "Porec op"]
[Site "Porec"]
[Date "2007.12.07"]
[Round "3"]
[White "Trempetic, Mladen"]
[Black "Mrkaljevic, Jakub"]
[Result "1-0"]
[WhiteElo "2032"]
[BlackElo "1600"]
[PlyCount "107"]
[EventDate "2007.12.06"]
[EventType "swiss"]
[EventRounds "7"]
[EventCountry "CRO"]
[SourceTitle "CBM 121 Extra"]
[Source "ChessBase"]
[SourceDate "2008.01.10"]
[SourceVersion "1"]
[SourceVersionDate "2008.01.10"]
[SourceQuality "1"]

1. e4 c5 2. Nf3 Nc6 3. d4 cxd4 4. Nxd4 e5 5. Nb5 Bb4+ 6. c3 Bc5 7. Nd6+ Bxd6 8. Qxd6 Qf6 9. Qd3 Nge7 10. Be2 0-0 11. 0-0 Rd8 12. f4 d5 13. fxe5 Qxe5 14. Qf3 Be6 15. Nd2 Ng6 16. Nb3 dxe4 17. Qf2 b6 18. Be3 Rd6 19. h4 h5 20. Nd2 Rad8 21. Nc4 Bxc4 22. Bxc4 Rf6 23. Qe2 Nxh4 24. Rxf6 gxf6 25. Rf1 Qg3 26. Bf4 Nf3+ 27. Qxf3 exf3 28. Bxg3 fxg2 29. Rxf6 Na5 30. Bxf7+ Kg7 31. Rf2 Rd3 32. Be5+ Kh6 33. Rxg2 Kh7 34. Bxh5 Rd7 35. Bd4 Nc4 36. b3 Na5 37. Be2 Rf7 38. Bd3+ Kh6 39. Rg8 Kh5 40. Rg7 Rxg7+ 41. Bxg7 Kg4 42. Kf2 Kf4 43. Bh6+ Ke5 44. Ke3 Nc6 45. Bf4+ Ke6 46. Bb5 Ne7 47. c4 Nf5+ 48. Ke4 Nd6+ 49. Bxd6 Kxd6 50. Kd4 Kc7 51. b4 Kb7 52. Kd5 a6 53. Bxa6+ Kxa6 54. Kc6 1-0